[Event "Interzonal-14b"]
[Site "Szirak"]
[Date "1987.??.??"]
[Round "5"]
[White "Nunn, John DM"]
[Black "Andersson, Ulf"]
[Result "0-1"]
[WhiteElo "2585"]
[BlackElo "2600"]
[Annotator "Ftacnik,L"]
[PlyCount "80"]
[EventDate "1987.07.??"]
[EventType "tourn"]
[EventRounds "17"]
[EventCountry "HUN"]
[EventCategory "12"]
[SourceTitle "CBM 003"]
[Source "ChessBase"]
[SourceDate "1988.04.01"]
[SourceVersion "1"]
[SourceVersionDate "1988.04.01"]
[SourceQuality "1"]

1. e4 c5 2. Nf3 e6 3. d4 cxd4 4. Nxd4 Nc6 5. Nc3 a6 6. Be2 Qc7 7. f4 Nxd4 8.
Qxd4 b5 9. Be3 Bb7 10. O-O Rc8 11. Rad1 Nf6 12. Bf3 h5 13. Kh1 $5 (13. Rd2 $5
Be7 (13... Ng4 14. Bxg4 hxg4 15. Rfd1 d6 16. a4 $36) 14. Rfd1 d6 15. a4 {
Taimanov,M}) (13. h3) 13... Be7 14. Rd2 d6 15. a4 $2 (15. f5 $142 {Taimanov,M})
15... b4 $1 16. Nd1 (16. Qxb4 d5 17. Qd4 dxe4 18. Bxe4 Rd8 19. Qa7 Nxe4 20.
Nxe4 Qc6) 16... O-O 17. Nf2 e5 18. Qd3 Rfd8 {/\ d5-/+} 19. Qe2 d5 20. exd5 exf4
21. Bd4 Nxd5 $5 (21... Bxd5 $142 $1 22. Bxf6 Bxf3 23. Rxd8+ (23. Qxe7 Rxd2 (
23... Bxg2+)) 23... Bxd8 24. Qe8+ Kh7 $17) 22. Be5 $1 Bd6 23. Bxg7 $1 Re8 24.
Qd3 $2 (24. Be4 $142 $1 $13) 24... Kxg7 25. Bxd5 Re3 26. Qd4+ Be5 27. Qxb4 Rb8
$1 28. Qc4 Qxc4 29. Bxc4 f3 30. Bd5 $6 (30. gxf3) 30... Re2 $1 31. Rd3 Bxd5 32.
Rxd5 Rxb2 $19 33. gxf3 Rbxc2 34. Kg2 Bf4 35. Rxh5 Be3 36. Re5 Rxf2+ 37. Rxf2
Bxf2 38. Rd5 Ra2 39. Kf1 Be3 40. Ra5 Rf2+ 0-1

[Event "Olympiad-29"]
[Site "Novi Sad"]
[Date "1990.11.30"]
[Round "12"]
[White "Anand, Viswanathan"]
[Black "Ribli, Zoltan"]
[Result "1-0"]
[WhiteElo "2610"]
[BlackElo "2610"]
[Annotator "Ftacnik,L"]
[PlyCount "61"]
[EventDate "1990.11.17"]
[EventType "team-swiss"]
[EventRounds "14"]
[EventCountry "YUG"]
[SourceTitle "TD"]
[Source "ChessBase"]
[SourceDate "1994.03.01"]
[SourceVersion "1"]
[SourceVersionDate "1994.03.01"]
[SourceQuality "1"]
[WhiteTeam "India"]
[BlackTeam "Hungary"]
[WhiteTeamCountry "IND"]
[BlackTeamCountry "HUN"]

1. e4 c5 2. Nf3 e6 3. d4 cxd4 4. Nxd4 Nc6 5. Nc3 Qc7 6. Be2 a6 7. O-O Nf6 8.
Kh1 Nxd4 (8... d6 9. f4 Be7) 9. Qxd4 Bc5 10. Qd3 b5 11. f4 Bb7 (11... h5 $5)
12. Bf3 O-O 13. e5 Ne8 14. Bxb7 Qxb7 15. a4 $1 {N} (15. Ne4 Be7 16. f5 f6) (
15. f5 f6 16. exf6 Nxf6 17. Bg5 {Beliavsky-Andersson, Szirak izt 1987}) 15...
b4 (15... Rb8 $2 16. axb5 axb5 17. Ra5 $1) 16. Ne4 Be7 17. Be3 (17. f5 f6)
17... Qc6 18. Ng5 $5 Bxg5 $2 (18... f5 $22 19. exf6 Nxf6 20. Bd4 g6 21. Qh3 Nh5
$1) (18... g6 $1 19. Rad1 d6) 19. fxg5 Nc7 (19... Rc8 20. Bd2 $1 a5 21. c3 $16)
(19... d6 20. Rf4 Rc8 (20... dxe5 21. Rxb4 $16 (21. Rc4 $6 Qd5 22. Bc5 Rc8))
21. exd6 Qxd6 (21... Nxd6 $2 22. Rxb4 Qxc2 23. Qxd6 Rfd8 24. Qf4 Rd1+ 25. Rxd1
Qxd1+ 26. Bg1 $18) 22. Rd4 Qc6 23. Rxb4 Qxc2 24. Qxa6 $18) 20. Rf4 $1 Nd5 21.
Rc4 Qb7 22. Bc5 Rfc8 23. Rf1 g6 (23... Rc6 24. Rh4 g6 (24... Rxc5 25. Qxh7+ Kf8
26. Qg6 Ke7 27. Qxf7+ Kd8 28. Qf8+ Kc7 29. Qd6+) 25. Rxh7 $1 Rxc5 26. Rfxf7 Nf4
27. Rfg7+ Kf8 28. Qd6+) 24. Qh3 $1 d6 $8 (24... Rc6 25. Rxf7 $1) 25. exd6 Qd7 (
25... Rc6 26. Qh6 Rac8 27. Rh4 f5 28. gxf6 Qf7 29. Bd4 Rxc2 30. Qxh7+ $1 Qxh7
31. f7+ Kf8 32. Rxh7 Rc1 33. Bg7#) 26. b3 (26. Qh6 Rxc5 27. Rxc5 Qxd6 $132)
26... Rxc5 (26... Rc6 27. Qh6 Rac8 28. Rh4 f5 29. gxf6 Qf7 30. Bd4 Rxd6 31.
Qxh7+) 27. Rxc5 Qxd6 28. Rc4 Qe5 29. Qf3 $1 (29. Rh4 Qxg5 30. Rxh7 Nf4 31. Rh8+
Kg7 32. Qh7+ Kf6 33. Qh4 $1 Qxh4 $8 34. Rxh4 g5 35. Rhxf4+ gxf4 36. Rxf4+ Kg6
37. Rxb4 $18) 29... Rf8 30. Rc6 Qxg5 (30... a5 31. Rc5 $18) 31. Rxe6 $1 (31.
Rxe6 $1 a5 32. Re8 $18) 1-0

[Event "Olympiad-38"]
[Site "Dresden"]
[Date "2008.11.14"]
[Round "2"]
[White "Ivanchuk, Vassily"]
[Black "Ivanisevic, Ivan"]
[Result "1-0"]
[WhiteElo "2786"]
[BlackElo "2658"]
[Annotator "Ftacnik,L"]
[PlyCount "53"]
[EventDate "2008.11.13"]
[EventType "team-swiss"]
[EventRounds "11"]
[EventCountry "GER"]
[SourceTitle "CBM 128"]
[Source "ChessBase"]
[SourceDate "2009.01.28"]
[SourceVersion "1"]
[SourceVersionDate "2009.01.28"]
[SourceQuality "1"]
[WhiteTeam "Ukraine"]
[BlackTeam "Serbia"]
[WhiteTeamCountry "UKR"]
[BlackTeamCountry "YUG"]

1. e4 c5 2. Nf3 e6 3. d4 cxd4 4. Nxd4 Nc6 5. Nc3 Qc7 6. Be2 Nf6 7. f4 Nxd4 8.
Qxd4 Bc5 9. Qd3 d5 $5 $146 {Ivanisevic is introducing a very interesting
novelty.} (9... d6 10. Bd2 a6 11. O-O-O Bd7 12. Qg3 O-O 13. Bd3 Bb5 14. f5 Bxd3
15. cxd3 Bd4 16. Kb1 exf5 17. exf5 Qb6 $15 {1/2 Schoene,M (2186)-Uhlmann,D 
(1987)/Dresden 2008/ (32)}) 10. exd5 exd5 (10... O-O $5 11. Be3 (11. Bd2 exd5
12. O-O-O Rd8 $13) 11... Bxe3 12. Qxe3 Nxd5 13. Nxd5 exd5 14. O-O-O Bf5 15. Bd3
$11) 11. Be3 $1 {Ivanchuk is a very strong grandmaster and he promptly reacts
with the development of his pieces, hoping for a minimal advantage.} (11. Nxd5
$6 Nxd5 12. Qxd5 O-O 13. Bd2 Re8 $17) 11... O-O 12. Bxc5 Qxc5 13. O-O-O Ne4 (
13... Rd8 14. Qd4 $14) 14. Nxe4 (14. Rhe1 Nxc3 15. Qxc3 Qxc3 16. bxc3 Be6 17.
Bf3 $14) 14... dxe4 15. Qd4 (15. Qxe4 $6 Bf5 16. Rd5 Bxe4 17. Rxc5 Rac8 18.
Rxc8 Rxc8 19. c3 Bxg2 $11) 15... Qf5 {The concept of Back's play is so sound,
that he might have considered several moments as suitable for improvements.} (
15... Qxd4 16. Rxd4 Be6 17. g4 (17. Rxe4 Bd5 18. Re7 Bxg2 19. Rg1 Bc6 20. Bc4
Rad8 21. Bb3 g6 $11) 17... g6 18. Rhd1 f5 $11) (15... Qe7 16. Rhe1 Bf5 17. g4
Rfd8 18. Qe3 Bd7 $13) 16. Rhf1 Be6 17. a3 Rac8 $2 {In comparision with better
ideas a serious step in the wrong direction.} (17... h5 18. h3 Rfd8 19. Qxd8+
Rxd8 20. Rxd8+ Kh7 21. Rd4 $14) (17... Qg6 18. g4 f5 $11) 18. g4 Qc5 19. Qxe4
Rfe8 20. Bd3 g6 (20... Bxg4 $2 21. Qxh7+ Kf8 22. Qh8+ Ke7 23. Qh4+ $18) 21. Qg2
$1 {The retreat of the queen backwards is impressive, from the g2-square it
defends the vital points g4 and c2.} Bd5 22. Qd2 Re3 $6 (22... Red8 23. Qf2 $16
) 23. Rfe1 Rh3 (23... Rce8 24. Rxe3 Rxe3 25. g5 $16) 24. Re5 f6 25. Bf5 $1 {
[%mdl 64] Very original tactical shot. Please note, that beside other problems
both black rooks are currently on the c8-h3 diagonal.} (25. Bc4 fxe5 26. Bxd5+
Kg7 27. fxe5 Rf8 $13) 25... fxe5 $2 (25... gxf5 26. Rxd5 Qe3 27. Qxe3 Rxe3 28.
Rxf5 Re2 29. c3 Rxh2 30. Rxf6 $18) (25... Rxa3 $1 26. Qxd5+ Qxd5 27. Rexd5 Ra1+
28. Kd2 Rxd1+ 29. Kxd1 gxf5 30. Rxf5 $16) 26. Bxc8 Bf7 (26... Qxc8 27. Qxd5+
$18) 27. Qd8+ {The speedy war has ended in a fiasco for Black; he has no
remedy against the heavy material losses.} (27. Qd8+ Qf8 (27... Kg7 28. g5 $18)
28. Qc7 Re3 29. Rd8 Be8 30. Be6+ Kh8 31. Qc8 Re1+ 32. Kd2 Qxf4+ 33. Kxe1 $18)
1-0

[Event "Groningen PCA"]
[Site "Groningen"]
[Date "1993.??.??"]
[Round "5"]
[White "Tiviakov, Sergei"]
[Black "Adams, Michael"]
[Result "1-0"]
[WhiteElo "2635"]
[BlackElo "2630"]
[Annotator "Ftacnik,L"]
[PlyCount "73"]
[EventDate "1993.12.??"]
[EventType "swiss"]
[EventRounds "11"]
[EventCountry "NED"]
[SourceTitle "CBM 039"]
[Source "ChessBase"]
[SourceDate "1994.04.01"]
[SourceVersion "1"]
[SourceVersionDate "1994.04.01"]
[SourceQuality "1"]

1. e4 {Ribli} c5 2. Nf3 e6 3. d4 cxd4 4. Nxd4 Nc6 5. Nc3 Qc7 6. g3 a6 7. Bg2
Nf6 8. O-O Be7 9. Re1 O-O 10. Nxc6 dxc6 11. e5 Rd8 12. Qf3 (12. Bd2 Nd5 13. Qg4
Nxc3 14. Bxc3 b5 15. Bb4 Bxb4 16. Qxb4 c5 17. Qc3 Bb7 $10 {Tiviakov,
S-Rublevski/USSR-ch/1991/}) 12... Nd5 13. h4 $5 b5 $6 (13... Nxc3 $142 14. Qxc3
Bd7 15. Bg5 Be8 $14) 14. Bg5 Bb7 (14... Nxc3 $6 15. Bxe7 Qxe7 16. Qxc6 $16) (
14... h6 15. Bxe7 Nxe7 16. Qe3 b4 {Vasiukov-Damjanovic/Varna/1971/}) (14...
Bxg5 15. hxg5 Nxc3 {Mokry,K-Jacobsen/Gausdal/1989/} 16. Qxc3 $14) 15. Ne4 c5 (
15... Qxe5 $2 {Ribli} 16. Nf6+ Bxf6 17. Rxe5 Bxe5 18. Bxd8 $18) 16. Nd6 Rf8 (
16... Bxd6 17. Bxd8 Rxd8 18. exd6 Rxd6 19. Rad1 $16) (16... Bxg5 17. hxg5 Bc6
$16) 17. Qg4 (17. Nxb7 Qxb7 18. Rad1 $16) (17. Bxe7 Qxe7 18. Rad1 $16) 17...
Bxg5 (17... f5 18. exf6 Bxd6 19. Qxe6+ $16) (17... Bxd6 18. exd6 Qxd6 19. Bh6
$16) (17... Kh8 18. Nxb7 Qxb7 19. Rad1 $16) 18. hxg5 Bc6 19. Be4 (19. Rad1 Ne7
20. Re2 Rad8 21. Red2 $16) 19... Ne7 (19... Rad8 {Ribli} 20. Bxh7+ $1 Kxh7 21.
Qh5+ Kg8 22. Re4 Nf6 23. gxf6 Bxe4 24. Nxe4 $18) 20. Rad1 (20. Qh3 Bxe4 21.
Rxe4 $40) 20... Bxe4 $2 (20... Rad8 21. Qh3 Bxe4 22. Rxe4 Nf5 $1 $14) 21. Qxe4
Rab8 $6 (21... Rad8 $142) 22. f4 Rfd8 23. Kf2 c4 (23... Qc6 24. Kf3 Qxe4+ 25.
Kxe4 $16) 24. g4 Rd7 (24... Nc8 25. Rh1 Nxd6 (25... g6 26. Nxf7 $1 Rxd1 27.
Nh6+) 26. Qxh7+ Kf8 27. exd6 Rxd6 28. Qh8+ Ke7 29. Qxg7 $18) 25. Rh1 Ng6 (25...
g6 26. Qf3 $18) 26. Kg3 Qc5 27. c3 f6 $2 (27... b4 $5 28. Nxc4 Rxd1 29. Rxd1
bxc3 30. bxc3 Rc8 31. Nd6 Qxc3+ 32. Rd3 Qc6 33. Nxc8 Qxe4 34. Rd8+ Nf8 35. Ne7+
Kh8 36. Rxf8#) (27... Rf8 $5 $16 {Ribli}) 28. gxf6 gxf6 29. Ne8 $1 Rxe8 (29...
Rxd1 30. Nxf6+) 30. Rxd7 fxe5 31. f5 Rf8 (31... Nf8 {Ribli} 32. f6 $1 $18) 32.
Rdxh7 (32. fxg6 $4 Qf2+ 33. Kh3 Rf3+) 32... exf5 33. gxf5 Nf4 34. Rh8+ Kf7 35.
Qb7+ Kf6 36. R1h6+ Kxf5 37. Qh7+ 1-0

[Event "Linares Anibal op 08th"]
[Site "Linares"]
[Date "2001.01.13"]
[Round "6"]
[White "Golod, Vitali"]
[Black "Skripchenko, Almira"]
[Result "1/2-1/2"]
[WhiteElo "2591"]
[BlackElo "2450"]
[Annotator "Golod,V"]
[PlyCount "110"]
[EventDate "2001.01.08"]
[EventType "swiss"]
[EventRounds "11"]
[EventCountry "ESP"]
[SourceTitle "CBM 081"]
[Source "ChessBase"]
[SourceDate "2001.03.20"]
[SourceVersion "1"]
[SourceVersionDate "2001.03.20"]
[SourceQuality "1"]

1. e4 c5 2. Nf3 Nc6 3. d4 cxd4 4. Nxd4 Qc7 5. Nc3 e6 6. Be2 Nf6 7. O-O a6 8.
Kh1 $5 (8. Be3 $5 {It's main line.See comments to Ivanchuk,V-Lautier,J/Monaco,
2000/CBM 75 (1-0)(Ribli,Z)(41)}) 8... Bb4 $5 ({Also it deserves attention:} 
8... Nxd4 {See comments to Rogovoi,M-Tunik,G/St. Petersburg,2000/CBM 75(0-1)
(Ribli,Z)(60)}) 9. Nxc6 (9. Qd3 $5 Qd6 10. Be3 Ne5 11. Qd1 $13 {Grischuk,
A-Stripunsky,A/New York,2000(1-0) (25)}) 9... bxc6 (9... Qxc6 $143 10. Bd3 Bxc3
11. bxc3 Qxc3 12. Rb1 $36) 10. Qd4 ({Basically here met:} 10. f4 $5) (10. Bd2
$143 O-O $11) 10... Bd6 11. Bg5 $6 $146 ({Was checked in the previous games:} 
11. Qe3 $5 O-O 12. Rd1 (12. f4 $5 e5 13. f5 Be7 14. Qg3 Kh8 15. Bg5 h6 16. Qh3
Qd8 17. Rad1 $36 {Kuzmin,G-Vojinovic,G/Agios Nikolaos,1995(1-0)(45)}) 12... Be7
13. e5 Ne8 14. Na4 f6 15. f4 $13 {Velimirovic,D-Matulovic,M/Titograd,1965 (1-0)
(42)}) 11... Be5 12. Qe3 {[%cal Gf2f4]} h6 13. Bh4 ({Anything good does not
bring white:} 13. Bxf6 Bxf6 14. f4 e5 {=/=/+}) 13... Bf4 $1 ({Very weakly:} 
13... Bxh2 $2 {in view of:} 14. f4 g5 15. Kxh2 gxh4 $140 16. Qd4 $1 {[%csl Gd4,
Rf6,Rh8]} Ke7 17. e5 Nd5 18. Ne4 Qa7 19. Nc5 $16 {[%csl Re7][%cal Gc2c4]}) 14.
Bg3 {[%csl Rc7,Yf4,Gg3]} Bxg3 {This move strongly better,than:} (14... Bxe3 $2
15. Bxc7 Bd4 16. e5 Nd5 (16... Bxc3 $143 17. bxc3 Nd5 18. Ba5 $16) 17. Nxd5
cxd5 18. c3 Bc5 19. b4 Be7 20. Bb6 $14) 15. hxg3 (15. Qxg3 Qxg3 16. hxg3 $11)
15... d5 $1 {This logical move I absolutely have missed from a kind. I
expected only:} (15... e5 $6 16. f4 $36) (15... d6 16. f4 $13) 16. Rad1 $6 {
[%mdl 16384]} ({Much better is:} 16. Qc5 $1 {[%csl Re8][%cal Gc5f8]} Nd7 $140
$6 (16... dxe4 $5 17. Rad1 Bb7 18. Rfe1 Qe7 $13) 17. Qa3 d4 18. Na4 c5 19. c3
$1 {with excellent game.}) 16... O-O 17. g4 {[%cal Gg4g5]} Bb7 {[%csl Yb7,Rd5]
[%cal Gc6c5,Ge6e5]} 18. exd5 ({Can be recommended:} 18. g5 $5 hxg5 19. exd5 (
19. Qxg5 $2 dxe4 {with pawn up}) 19... Nxd5 20. Qxg5 (20. Nxd5 $2 cxd5 21. Qxg5
Qxc2 $17) 20... Nxc3 21. bxc3 $13) 18... cxd5 {[%cal Ge6e5]} (18... exd5 19.
Bf3 Rfe8 20. Qc5 $1 $11) 19. g5 $6 {[%mdl 16384] I give back the control above
the centre in exchange of rather doubtful attack.} (19. f4 $5 {[%csl Re5][%cal
Yf4e5] =/=/+}) 19... hxg5 20. Qxg5 e5 {[%csl Gd5,Ge5]} 21. Rd3 {[%csl Rg7]
[%cal Gd3g3]} Rfd8 $1 ({After:} 21... d4 $2 {my attack gets real outlines:} 22.
Rg3 (22. Qxf6 $4 gxf6 23. Rg3+ Kh8 24. Rh3+ Kg7 25. Rg3+ Kh6 26. Rh3+ Kg5 27.
Rg3+ Kf4 $19) 22... Ne8 23. Rh3 {[%csl Rg8][%cal Gg5h4]} f5 $13 (23... dxc3 $4
24. Qh4 $1 f6 $140 25. Bc4+ $18)) 22. f4 ({More stubborn resistance after:} 22.
Rg3 $5 Ne8 23. Rh3 d4 24. Qh5 {[%csl Re5,Rg8][%cal Gh5h8]} (24. Qh4 $143 Kf8
$17) 24... Kf8 25. Nd1 Nf6 $15) 22... e4 23. Rg3 Ne8 $1 {[%mdl 256]} ({Pretty
dubious:} 23... Kf8 24. Qxg7+ Ke7 25. Rg5 Rh8+ 26. Kg1 Qb6+ (26... Rag8 $4 27.
Re5+ Qxe5 28. fxe5 Rxg7 29. exf6+) 27. Rf2 Rag8 28. Re5+ Qe6 29. Rxe6+ Kxe6 $44
{[%csl Rg7]}) 24. Rh3 (24. f5 $142 Qe5 (24... d4 $2 25. f6 dxc3 26. Qh4 $16 {
[%cal Gg3h3]}) 25. Qh4 $15 (25. Rh3 $143 d4)) 24... d4 25. f5 $138 {Here at me
remained already about 7 minutes on 15 moves.} dxc3 (25... f6 $2 26. Qh4 dxc3
27. Qh8+ Kf7 28. Bh5+ Ke7 29. Bxe8 Rxe8 30. Qxg7+ $13) 26. f6 {[%csl Rg8][%cal
Gg5h4,Gh4h8]} Nxf6 $1 {The game of Almira deserves all praises.} 27. Rxc3 ({
Immediately loses:} 27. Rxf6 $2 cxb2 28. Qh4 b1=Q+ 29. Bf1 Kf8 30. Qh8+ Ke7 31.
Qxg7 Rf8 $19) 27... Qd6 (27... Qe7 $2 28. Rg3 $40) (27... Qb6 $6 28. Rg3 $44)
28. Bc4 $1 {[%csl Gc4,Rf7][%cal Gc3g3] Only so it is possible to continue
struggle.} (28. Rg3 $143 Ne8 $19) 28... Rd7 29. Rg3 Ne8 30. Rh3 {[%csl Rf7,Rg8]
[%cal Gg5h5,Gh5h8,Gh5f7]} ({Loses right away:} 30. Qh5 Bd5 31. Rh3 Kf8 32. Rd1
Bxc4 33. Rxd6 Rxd6 $19) 30... Bd5 ({Nothing gives:} 30... Nf6 31. Rg3 Ne8 32.
Rh3) 31. Rd1 Bxc4 $1 ({Leads to draw:} 31... Nf6 $2 32. Qh4 Kf8 33. Rxd5 $1
Nxd5 34. Qxe4 $1 {[%csl Rf8][%cal Gh3h8]} Qe6 35. Rh8+ Ke7 36. Qh4+ (36. Qxe6+
$2 fxe6 37. Rxa8 Nb6 $19 {[%csl Ra8,Rc4]}) 36... Qf6 37. Qe4+ $11 (37. Qxf6+
gxf6 38. Rxa8 Nb6 $19 {[%csl Ra8,Rc4]})) 32. Rxd6 Rxd6 $17 33. Qh4 {[%csl Re4,
Rg8][%cal Gh4e4,Gh4h8]} Rh6 (33... f5 $143 34. Qh7+ Kf7 35. Qxf5+ Nf6 {-/+/=/+}
) 34. Qxe4 Rxh3+ 35. gxh3 {[%mdl 4096] This best for what I could hope.} Rc8
36. b3 ({Senselessly:} 36. Qb7 {because of:} Rc7 37. Qb8 (37. Qb6 $2 Bd5+ 38.
Kg1 Rxc2 $19) 37... Kf8 $17) 36... Nf6 37. Qf5 $8 {[%csl Rc2,Yf5][%cal Yf5c2]}
Be6 38. Qd3 Rc6 $6 {The first oversight per lot.} ({Good enough:} 38... Bd5+
39. Kg1 Be4 40. Qxa6 Rxc2 {[%csl Rg1] -/+/+-}) 39. c4 Nd7 40. Kh2 f6 41. Qd4
Kf7 42. Qa7 Ke7 (42... Rd6 $143 43. c5) 43. Kg3 Bf5 {Black's plan is:Be4(/
^a8-h1),Re6 and so on.} 44. b4 $1 {It is necessary to create counterplay.} Be6
$6 {[%csl Ra2,Rc4]} (44... Rxc4 $5 45. Qxa6 Rc3+ (45... Rxb4 $4 46. Qa3 $18 {
[%csl Ga3,Rb4,Re7]}) 46. Kf2 $17 {[%csl Ga2,Gb4]}) 45. b5 (45. c5 $2 Bxa2 46.
b5 Rxc5 47. bxa6 Bd5 $19 {[%csl Ra7]}) 45... Rxc4 (45... axb5 $2 46. Qa3+ {
[%csl Rb5][%cal Gc4b5]}) 46. bxa6 $15 (46. Qxa6 $2 {is refuted by:} Rc3+ 47.
Kf2 (47. Kh4 $4 Rxh3#) (47. Kf4 $4 g5+ 48. Ke4 Nc5+ {[%csl Ra6,Re4]}) 47...
Rc2+ 48. Kg3 Rxa2 $19) 46... Rc3+ 47. Kf2 Rc2+ 48. Ke1 $1 {This more safe
place for my king.} (48. Kg3 $143 Rxa2 49. Qb7 Ra3+ 50. Kf2 Rb3 $17) 48... Rxa2
49. Qb7 {[%csl Ga6][%cal Ga6a7,Ga7a8]} Kd6 ({Also I have equality,after:} 49...
Bxh3 50. a7 Bg2 51. Qb4+ $1 (51. Qxg2 $2 Rxg2 52. a8=Q Rg5 $19) 51... Kd8 (
51... Ke6 $4 52. Qc4+ Bd5 53. Qxa2 Bxa2 54. a8=Q Bd5 55. Qg8+ $16) 52. Qb8+
Nxb8 53. axb8=Q+ Kd7 (53... Ke7 54. Qc7+ {[%csl Ra2,Rg7]}) 54. Qb3 Ra1+ 55. Kf2
$11 {[%cal Gb3f7]}) 50. Qb4+ $1 (50. a7 $2 Bd5 51. Qb8+ Kc5 $17) 50... Kc6 (
50... Nc5 $6 51. a7 Bd5 (51... Kd5 $4 52. Qd2+ $3 Rxd2 $140 53. a8=Q+ $16 {
[%csl Rd2]}) 52. Qb8+ Ke7 (52... Ke6 $4 53. Qb6+ {[%csl Rc5]}) 53. Qb4 Kd6 54.
Qb8+ $11) 51. Qb7+ Kd6 52. Qb4+ Ke5 53. Qc3+ Ke4 (53... Kf5 54. Qd3+ Kg5 55. a7
{[%csl Ga7,Yd3,Rg5]} Ra1+ $11) 54. Qc6+ Ke5 ({After:} 54... Kf5 {I still
needed to find some exact moves:} 55. Qb7 $1 Nc5 56. Qb5 Rc2 57. Kd1 Rc3 58. a7
Bd5 59. Qa5 Rc1+ {[%csl Ra5,Gc5][%cal Gc5b3]} 60. Ke2 $8 Rc2+ 61. Kd1 $11) 55.
Qc3+ Ke4 1/2-1/2

[Event "EU-Cup 30th"]
[Site "Bilbao"]
[Date "2014.09.15"]
[Round "2.4"]
[White "Giri, Anish"]
[Black "Grachev, Boris V"]
[Result "1/2-1/2"]
[WhiteElo "2758"]
[BlackElo "2673"]
[Annotator "Havasi,G"]
[PlyCount "80"]
[EventDate "2014.09.14"]
[EventType "team-swiss"]
[EventRounds "7"]
[EventCountry "ESP"]
[SourceTitle "CBM 163"]
[Source "ChessBase"]
[SourceDate "2014.11.11"]
[SourceVersion "1"]
[SourceVersionDate "2014.11.11"]
[SourceQuality "1"]
[WhiteTeam "SOCAR"]
[BlackTeam "SHSM-64"]
[WhiteTeamCountry "AZE"]
[BlackTeamCountry "RUS"]

1. e4 c5 2. Nf3 e6 3. d4 cxd4 4. Nxd4 Nc6 5. Nc3 a6 6. Be2 (6. Nxc6 {is
preferred by many top player including Caruana. In CBM 162, Postny wrote an
article about this line.}) 6... Qc7 7. O-O b5 (7... Nf6 {would be the main
move and if} 8. Be3 Bb4 (8... d6 {is a transposition to Scheveningen.}) 9. Na4
{leads to a very theoretical line.}) 8. Nxc6 dxc6 (8... Qxc6 9. Bf3 Bb7 {
and here both} 10. e5 {and} (10. Bf4 {promise White a nice initiative.})) 9. a4
{White chooses the positional plan.} (9. Be3 {and}) (9. f4 {are other plans in
connection with attacking on the K-side.}) 9... b4 {Black has to push b5-b4.
If he plays for example} (9... Bb7 $2 {Black loses after} 10. axb5 cxb5 11.
Nxb5 $1 axb5 12. Bxb5+ Ke7 13. Rxa8 Bxa8 14. Qd3 Qd6 15. Qc3 $40 {
Horvath-Mastrovasilis, Groningen 1999}) 10. Nb1 Nf6 (10... Bc5 11. Nd2 Nf6 {
transposes to 10...Nf6.}) 11. Nd2 {In this position White's plan is Bd3
followed by Qe2 and playing on the weakened light squares.} Bc5 (11... e5 12.
Bd3 Bc5 {transposes to 11...Bc5.}) 12. Bd3 O-O ({If the typical} 12... e5 13.
Nb3 Ba7 14. h3 (14. Bg5 {is also very unpleasant}) 14... a5 15. Qe2 O-O 16. Be3
Be6 17. Bxa7 Qxa7 18. Bc4 Rfe8 19. Bxe6 Rxe6 20. Rad1 $36 {Heberla-Firman,
Warsaw 2006}) 13. Qe2 e5 14. h3 $146 {This is Giri's novelty. His move's point
is, that Black can't play Bg4 anymore.} (14. Nb3 Bg4 15. Qe1 Be7 16. Bc4 c5 17.
f3 $14 {Heberla-A.Zhigalko, Istanbul 2005}) 14... Be6 (14... a5 15. Nb3 Bb6 16.
Be3 $14 {with a small, but stable advantage.}) 15. Bc4 $1 {Preparing for Nb3
and playing for the c4 outpost.} (15. Nb3 {is not so good, because Black plays}
Bxb3 $1 16. cxb3 a5 {and his position has been improved.}) 15... Qc8 (15... Qd7
16. Nf3 $14 (16. Nb3 Bd4) (16. Bxa6 Bxh3 $1 {and the computer claims a slight
advantage for White, but this sacrifice is unpleasant.})) 16. Nf3 ({After} 16.
Nb3 $1 {it seems like White's forces coordinate better} Be7 17. Bg5 $36 {
with a nice advantage.}) 16... Nh5 {This pseudo-active move is an attempt to
generate some counterplay, but White easily repells the threats.} (16... h6 17.
Bd2 $14) 17. Kh2 {The human move. Avoiding any kind of sacrifice on h3 and
tricks in connection with Ng3.} (17. Re1 $1 {was a very deep move} Ng3 (17...
a5 18. Nxe5 $16 {the difference is that this P can be taken, but in the 17.Kh2
line Nxe5 is met by ...Bd6.}) 18. Qd3 $16) 17... Nf4 $6 {After this move,
White will have a nice position.} (17... a5 $1 {was better, but White is
slightly better after} 18. b3 $14 (18. Nxe5 Bd6)) 18. Bxf4 exf4 19. Rad1 h6 20.
Rd2 Ra7 21. Rfd1 Re8 22. e5 g5 23. Nd4 (23. a5 $36 {was also good.}) 23... Bxd4
24. Rxd4 Bxc4 25. Rxc4 Qf5 26. Rxc6 (26. Rc5 $1 {was the most exact move:
White increases his advantage after Rd6.}) 26... Qxe5 27. Qf3 $6 {And this
spoils all of the advantage.} (27. Qh5 $1 {was the most exact} Re6 (27... f3+
28. Kg1 $16) 28. Rc8+ Kh7 29. Rdd8 $16) 27... Kg7 28. Rdd6 Qe2 29. Rxh6 Qxf3
30. gxf3 Re2 31. Kg2 Rxc2 32. Rxc2 Kxh6 33. Rc6+ Kg7 34. h4 gxh4 35. Rc4 a5 36.
Rxf4 Rc7 37. Rf5 Rc2 38. Rxa5 Rxb2 39. Rh5 Ra2 40. Rxh4 Rxa4 1/2-1/2